Le pouvoir exécutif dans les pays occidentaux
Gespeichert in:
| 1. Verfasser: | |
|---|---|
| Format: | Buch |
| Sprache: | Französisch |
| Veröffentlicht: |
París
Editions Montchrestien
1966
|
| Schlagworte: | |
| Tags: |
Tag hinzufügen
Keine Tags, Fügen Sie den ersten Tag hinzu!
|
MARC
| LEADER | 00000nam a2200000 a 4500 | ||
|---|---|---|---|
| 001 | UCT9727 | ||
| 003 | CL-VaPUC | ||
| 008 | 970411e19660000FR |||||||||||||||||fre|d | ||
| 082 | 0 | 4 | |a 342.06 |b GAU |2 21 |
| 100 | 0 | |a Gaudemet, Paul Marie |e author |9 382671 | |
| 245 | 1 | 3 | |a Le pouvoir exécutif dans les pays occidentaux |
| 300 | |a 119 p | ||
| 942 | |c BK | ||
| 945 | |d 19970411 00:00:00 |a paguirre | ||
| 260 | |a París |b Editions Montchrestien |c 1966 | ||
| 650 | 0 | |a Poder ejecutivo |9 255177 | |
| 650 | 0 | |a Gobierno |9 255508 | |
| 650 | 0 | |a Democracia |9 255256 | |
| 650 | 0 | |a Liberalismo |9 255715 | |
| 650 | 7 | |a PRESIDENCIA |2 CL-VaPUC |9 341215 | |
| 650 | 7 | |a SISTEMAS PRESIDENCIALES |2 CL-VaPUC |9 378914 | |
| 650 | 0 | |a Parlamento |9 338611 | |
| 583 | |a last modification |c 19970411 00:00:00 |k Rodrigo Vera | ||
| 999 | |c 258106 |d 258104 | ||
| 952 | |0 0 |1 0 |4 0 |6 342_060000000000000_GAU_1966 |7 0 |8 A |9 281917 |a BIBDER |b BIBDER |d 2019-11-19 |i 182922K |o 342.06 GAU 1966 |p 182922K |r 2023-01-25 |w 2019-11-19 |y BK |k DER | ||